000 00453nam a2200181Ia 4500
001 23623
005 20260414150949.0
008 260414t2009||||xx |||||||||||||| ||spa||
041 _aESP
082 _a670.427
_bC88A
100 _aCreus Solé, Antonio
_eAUT
245 0 _aInstrumentos industriales su ajuste y calibración
_b
260 _c2009
300 _a252 páginas :
_c23 cm.
650 _aTCA
654 _aCII
942 _cLIB
_dJUS
_fJUS
_2ddc
_n
999 _c23623
_d23623